| 000 | 00333nam a22001337a 4500 | ||
|---|---|---|---|
| 008 | 181016b xxu||||| |||| 00| 0 eng d | ||
| 020 | _a9780078670893 | ||
| 041 | _aeng | ||
| 080 | _a615.83 | ||
| 100 | _a8 | ||
| 101 | _aFIZ | ||
| 245 |
_aReading Essentials For Introduction To Physical SCience _cJames,p |
||
| 942 |
_2udc _cBK |
||
| 999 |
_c49917 _d49917 |
||